书目信息 |
| 题名: |
黑格尔《小逻辑》解说
|
|
| 作者: | 卿文光, 著 | |
| 分册: | ||
| 出版信息: | 北京 人民日报出版社 2017- |
|
| 页数: | 册(390, 页) | |
| 开本: | 25cm | |
| 丛书名: | 人民日报学术文库 | |
| 单 册: | ||
| 中图分类: | B811.01 , B516.35 | |
| 科图分类: | ||
| 主题词: | 辩证逻辑--bian zheng luo ji--德国古典哲学--著作研究 | |
| 电子资源: | ||
| ISBN: | 978-7-5115-4559-6 | |
| 000 | 01437cam 2200325 450 | |
| 001 | 012001002990 | |
| 005 | 20130124164221.0 | |
| 010 | @a978-7-5115-4559-6@b精装 ; 第一卷@dCNY78.00 | |
| 092 | @aCN@b三新SK1162-0065 | |
| 099 | @aCAL 012017085077 | |
| 100 | @a20170522g20179999em y0chiy50 ea | |
| 101 | 0 | @achi |
| 102 | @aCN@b110000 | |
| 105 | @aa a 000yy | |
| 106 | @ar | |
| 200 | 1 | @a黑格尔《小逻辑》解说@Ahei ge er 《xiao luo ji 》jie shuo@f卿文光著 |
| 210 | @a北京@c人民日报出版社@d2017- | |
| 215 | @a册(390, 页)@c图@d25cm | |
| 225 | 2 | @a人民日报学术文库@ARen Min Ri Bao Xue Shu Wen Ku |
| 314 | @a卿文光, 1963年出生于安徽省, 先后毕业于清华大学、中国科学院、武汉大学, 武汉大学外国哲学博士 (导师杨祖陶、邓晓芒先生), 现为黑龙江大学哲学学院副教授。 | |
| 320 | @a有书目 | |
| 330 | @a本书系作者多年来开设的哲学课本科和研究生讲稿, 以西方古典哲学的概念思辨方法系统而深入地论述哲学大师黑格尔的《小逻辑》。本书在对黑格尔《小逻辑》大部分重要概念的论述阐发上都颇具深意和新意, 笔者对黑格尔哲学和西方古典哲学多年研究的素养和造诣保证了这一点。 | |
| 410 | 0 | @12001 @a人民日报学术文库 |
| 604 | @1701 1@a黑格尔@Ahei ge er@g(Hegel, Georg Wehelm),@f1770-1831@150010@a小逻辑@x著作研究 | |
| 606 | 0 | @a辩证逻辑@Abian zheng luo ji@x德国古典哲学@x著作研究 |
| 690 | @aB811.01@v5 | |
| 690 | @aB516.35@v5 | |
| 701 | 0 | @a卿文光,@Aqing wen guang@f1963-@4著 |
| 801 | 2 | @aCN@b江苏凤凰@c20191020 |
| 905 | @b1216898-901@dB811.01@e271@f4 | |
| 黑格尔《小逻辑》解说/卿文光著.-北京:人民日报出版社,2017- |
| 册(390, 页):图;25cm.-(人民日报学术文库) |
| ISBN 978-7-5115-4559-6(精装 ; 第一卷):CNY78.00 |
| 本书系作者多年来开设的哲学课本科和研究生讲稿, 以西方古典哲学的概念思辨方法系统而深入地论述哲学大师黑格尔的《小逻辑》。本书在对黑格尔《小逻辑》大部分重要概念的论述阐发上都颇具深意和新意, 笔者对黑格尔哲学和西方古典哲学多年研究的素养和造诣保证了这一点。 |
| ● |
| 相关链接 |
|
|
|
|
正题名:黑格尔《小逻辑》解说
索取号:B811.01/271
 
预约/预借
| 序号 | 登录号 | 条形码 | 馆藏地/架位号 | 状态 | 备注 |
| 1 | 1216898 | 212168982 | 第一样本阅览室/ [索取号:B811.01/271] | 在馆 | |
| 2 | 1216899 | 212168991 | 教育系资料室/ [索取号:B811.01/271] | 在馆 | |
| 3 | 1216900 | 212169008 | 教育系资料室/ [索取号:B811.01/271] | 在馆 | |
| 4 | 1216901 | 212169017 | 第一借阅区/ [索取号:B811.01/271] | 在馆 |